Curso de Contabilidad (Registro nro. 1677)

Detalles MARC
000 -LEADER
fixed length control field 01888 a2200217 4500
001 - CONTROL NUMBER
control field 28235
005 - DATE AND TIME OF LATEST TRANSACTION
control field 20260407155554.0
008 - FIXED-LENGTH DATA ELEMENTS--GENERAL INFORMATION
fixed length control field 260407a1972 arg spa d
003 - CONTROL NUMBER IDENTIFIER
control field AR-UNSa-BCEJYS
040 ## - CATALOGING SOURCE
Original cataloging agency AR-UNSa-BCEJYS
Language of cataloging spa
Transcribing agency AR-UNSa-BCEJYS
080 ## - UNIVERSAL DECIMAL CLASSIFICATION NUMBER
Universal Decimal Classification number 657
Common auxiliary subdivision Contabilidad
100 1# - MAIN ENTRY--PERSONAL NAME
Personal name Fernández Cepero, Manuel de J.
245 10 - TITLE STATEMENT
Title Curso de Contabilidad
Name of part/section of a work Intermedia
264 #1 - PRODUCTION, PUBLICATION, DISTRIBUTION, MANUFACTURE, AND COPYRIGHT NOTICE
Place of production, publication, distribution, manufacture México :
Name of producer, publisher, distributor, manufacturer Unión Tipográfica Editorial Hispano-Americana (UTEHA)
Date of production, publication, distribution, manufacture, or copyright notice 1972
300 ## - PHYSICAL DESCRIPTION
Extent 2v.(991; 615p.)
Dimensions 23 cm.
505 ## - FORMATTED CONTENTS NOTE
Formatted contents note Vol. I: Teoría y práctica, preguntas y problemas: 1. Repaso de los procedimientos de contabilidad - 2. Borradores u hojas de trabajo; Procedimientos de cierre - 3. Estados financieros - 4. Conceptos de la utilidad neta y rectificaciones de las utilidades de ejercicios anteriores - 5. Caìtal en acciones - 6. Superávit y dividendos - 7. Temas diversos relacionados con la participación de los accionistas - 8. Principios de contabilidad generalmente aceptados - 9. Efectivo - 10. Partidas a cobrar - 11. Inventarios - 12. Inventarios (continuación) - 13. Inventarios (conclusión) - 14. Inversiones - 15. Inversiones (conclusión) - 16. Activo fijo tangible - 17. Activo fijo tangible (continuación) - 18. Activo fijo tangible (conclusión) - 19. Activo fijo intangible - 20. Pasivo y reservas - 21. Intrepretación de estados contables - 22. Análisis de capital de trabajo - 23. Análisis de las operaciones - 24. Estados de fondo - 25. Estados basados en registros incompletos - 26. Cuasi-reorganizaciones. Combinaciones de negocios. Reorganizaciones divisivas - 27. Distribución del impuesto sobre la renta - 28. Efecto del nivel de precios en los estados financieros -- Vol. II: Respuestas a las preguntas y soluciones a los problemas
590 ## - LOCAL NOTE (RLIN)
Local note niveau_biblio:m niveau_hierar:0
700 1# - ADDED ENTRY--PERSONAL NAME
Personal name Finney, H.A.
700 1# - ADDED ENTRY--PERSONAL NAME
Personal name Miller, Herbert E.
942 ## - ADDED ENTRY ELEMENTS (KOHA)
Koha item type
Existencias
Withdrawn status Lost status Damaged status Not for loan Home library Current library Shelving location Date acquired Total checkouts Full call number Barcode Date last seen Price effective from Koha item type
        Biblioteca Prof. Eusebio Cleto del Rey Biblioteca Prof. Eusebio Cleto del Rey   07/04/2026   657 B582 v.3 3ed. L25926 07/04/2026 07/04/2026 Libro
        Biblioteca Prof. Eusebio Cleto del Rey Biblioteca Prof. Eusebio Cleto del Rey   07/04/2026   657 B582 v.3 3ed. L25932 07/04/2026 07/04/2026 Libro
        Biblioteca Prof. Eusebio Cleto del Rey Biblioteca Prof. Eusebio Cleto del Rey   07/04/2026   657 B582 v.4 3ed. L25927 07/04/2026 07/04/2026 Libro
        Biblioteca Prof. Eusebio Cleto del Rey Biblioteca Prof. Eusebio Cleto del Rey   07/04/2026   657 B582 v.4 3ed. L25933 07/04/2026 07/04/2026 Libro